| 000 | 00751nam a2200277 a 4500 | ||
|---|---|---|---|
| 001 | BS0000022 | ||
| 003 | BR-BrBNA | ||
| 005 | 20230418191327.0 | ||
| 008 | 230308b |||||||| |||| 00| 0 por d | ||
| 040 |
_aBR-BrBNA _bpor _cBiblioteca Nacional de Agricultura |
||
| 041 | _apor | ||
| 072 | _aB51 | ||
| 090 | _aB51 BS0000022 | ||
| 100 | 1 | _aMusa, J.L. | |
| 100 | 1 | _aJardim, E.C. | |
| 100 | 1 | _aMendes, R. | |
| 245 | 1 | _aSão Paulo, 20 anos: andar, vagar, perder-se / | |
| 260 | 3 |
_aSão Paulo, SP: _bMelhoramentos de São Paulo, _c2003. |
|
| 300 | _a144 p. | ||
| 500 | _aTexto em inglês de Terencio E. hill. | ||
| 650 | _aHISTÓRIA | ||
| 650 | _aSÃO PAULO | ||
| 650 | _aFOTOGRAFIA | ||
| 909 |
_a202304 _bSergio Santos _c56 _dSergio Santos |
||
| 942 | _cBK | ||
| 999 |
_c5085 _d5085 |
||